| 000 | 00569nam a2200169 4500 | ||
|---|---|---|---|
| 001 | 107258 | ||
| 003 | ES-MaACL | ||
| 007 | t| | ||
| 008 | 061121s1921 sp r ||||1| spa d | ||
| 100 | 1 |
_aMorley, Arthur. _983601 |
|
| 245 | 1 | 0 |
_aTeoría de las estructuras / _cArthur Morley; traducida por José Serrat y Bonastre; con la colaboración de Tomás Costa y Coll. |
| 260 |
_aBarcelona : _bLabor, _c1921. |
||
| 300 |
_aXV, 724 p. : _bil. ; _c22 cm. |
||
| 700 | 1 |
_aSerrat y Bonastre, José. _9105817 |
|
| 700 | 1 |
_aCosta y Coll, Tomás. _941122 |
|
| 852 |
_aES-MaACL _jB-2325 |
||
| 999 |
_c107258 _d107258 |
||